Cyclisme : Top 20 du Grand Prix E3 2024 - Statistiques

Statistiques générales
  • Ce quiz a été pris 15 fois
  • Le résultat moyen est 10 sur 20
Statistiques - réponses
Position Equipe Coureur % Correct
11eme Lidl Trek Mads Pedersen
100%
1er Alpecin Deceuninck Mathieu Van Der Poel
100%
3eme Visma Lease a Bike Wout Van Aert
100%
7eme UAE Team Emirates Nils Pollit
91%
2eme Lidl Trek Jasper Stuyven
82%
5eme Visma Lease a Bike Matteo Jorgenson
82%
16eme Groupama FDJ Stefan Kung
64%
12eme Uno-X Mobility Jonas Abrahamsen
55%
14eme Movistar Team Oier Lazkano
55%
15eme Bahrain Victorious Matej Mohoric
45%
4eme UAE Team Emirates Tim Wellens
45%
8eme Lidl Trek Tom Skujins
45%
13eme Lotto Dstny Brent Van Moer
27%
10eme Lidl Trek Alex Kirsch
18%
19eme Intermarché Wanty Biniam Girmay
18%
6eme Ineos Grenadier Jhonatan Narvaez
18%
17eme Israel Premier Tech Krists Neilands
9%
18eme Decathlon Ag2r La Mondiale Sander De Pestel
9%
9eme Arkea B&B Hotels Vincenzon Albanese
9%
20eme Astana Qazaqstan Team Gleb Brussenskiy
0%
Aucun quiz correspondant
Distribution des résultats
% des personnes avec chaque résultat
Percentile par nombre de réponses
Votre historique - résultats
Vous n’avez pas pris ce quiz